00716nam a2200145Ia 4500008004100000020001800041100002300059245013900082260002700221650001200248650017300260856004500433999001900478952007300497171212s9999 xx 000 0 und d a9780833079015 aKavanagh, Jennifer cKavanagh, JenniferaAre U.S. Military Interventions Contagious over Time?bIntervention Timing and Its Implications for Force Planning bRAND Corporationc2013 aHistory aMilitary planning -- United States; Intervention (International law); United States -- Military policy -- Case studies; Intervention (International law) -- Case studies uwww.jstor.org/stable/10.7249/j.ctt3fh19w c351745d351745 001040aCLbCLd2017-12-12l0r2017-12-12 00:00:00w2017-12-12yCBE